000 02301nam a22003617a 4500
005 20180803170155.0
008 150917b2015 ck |||||r|||| 00| 0 spa d
020 _a9789588889252
040 _aCO-BoIAVH
_cCO-BoIAVH
041 0 _aspa
044 _ack
082 0 4 _a577.64098
_bL34x
245 1 4 _aXII. Cuencas pericontinentales de Colombia, Ecuador, Perú y Venezuela:
_btipología, biodiversidad, servicios ecosistémicos y sostenibilidad de los ríos, quebradas y arroyos costeros /
_cEditores: Carlos A. Lasso, Juan F. Blanco-Libreros y Paula Sánchez Duarte
260 _aBogotá (Colombia):
_bInstituto de investigación de Recursos Biológicos Alexander von Humboldt,
_bJavegraf,
_c2015.
300 _a455 páginas :
_bmapas, tablas, ilustraciones y fotografías a color ;
_c25 cm
490 0 _aSerie recursos hidrobiológicos y pesqueros continentales de Colombia
500 _aIncluye anexos.
504 _aIncluye referencias bibliográficas.
505 0 _a1. ¿Qué es un cuenca pericontinental? 2. Generalidades del entorno geológico e hidro-climatológico de las cuencas pericontinentales. 3. La diadromía como convergencia ecolutiva en peces, curstáceos decápodos y gasterópodos en las cuencas pericontinentales de Colombia. 4. Camarones asociados a las aguas pericontinentales (ríos quebradas y arroyos costeros), de la vertiente Caribe y Pacífico, incluyendo la región insular de Colombia. 5. La entomofauna y otros macroinvertebrados acuáticos de sistemas insulares y pericontinentales de las cuencas del Pacífico y Caribe, Colombia. 6. El flujo y transformación de la materia orgánica: proceso ecosistémico maestro en las cuencas pericontinentales. 7. Servicios ecosistémicos, cambios globales y sostenibilidad dentro de las cuencas pericontinentales de Colombia.
650 6 _aPeces
650 6 _aDiadromía
650 6 _aMacroinvertebrados acuáticos
650 6 _aHidroclimatología
650 6 _aAnfidromía
651 6 _aColombia
651 6 _aEcuador
651 6 _aPerú
651 6 _aVenezuela
700 1 _aLasso, Carlos A.
_eEditor
700 1 _aBlanco-Libreros, Juan F.
_eEditor
700 1 _aSánchez-Duarte, Paula
_eEditora
942 _2ddc
_cLIBRO
_01
999 _c17771
_d17771